BIBLIOTHÈQUE DE LA MAISON DU MEXIQUE

Logo 1 Logo 2

México considerado como nación independiente y libre, o sean algunas indicaciones sobre los deberes más esenciales de los mexicanos (notice nᵒ 3292)

détails MARC
000 -Sello discográfico
campo de control de longitud fija 01118nam a2200301 4500
005 - Identificación de versión
campo de control 20251016083516.0
035 ## - Otros números de control del sistema
Número de control del sistema 13156
099 ## - fechas locales
Tipo de ítem Koha LIBRO
100 ## - Datos de procesamiento general
Datos de procesamiento general 19980507d1952 m y1spay5003 ba
105 ## - Campo de datos codificados: Material textual, monográfico
Datos codificados de monografía y 001zy
200 1# - Título y mención de responsabilidad
Título propio México considerado como nación independiente y libre, o sean algunas indicaciones sobre los deberes más esenciales de los mexicanos
Designación general del material texto impreso
Primer mención de responsabilidad Tadeo Ortiz
Declaración de responsabilidad subsiguiente prólogo Ricardo Delgado Román
210 ## - Publicación, distribución, etc.
Lugar de publicación, distribución, etc. México
Nombre del editor, distribuidor, etc. Ediciones Instituto Tecnológico de la Universidad de Guadalajara
Fecha de publicación, distribución, etc. 1952
215 ## - Descripción física
Designación de material específico y extensión del ítem 2 v
Dimensiones 20 cm
345 ## - Nota de información de adquisición
Fuente de adquisición/dirección de la suscripción [OBSOLETO] Donación
410 #1 - Series
Título Biblioteca Jalisciense
Número de volumen 5-6
607 ## - Nombre geográfico utilizado como tema
Elemento de entrada México
Subdivisión temática Política y gobierno
Subdivisión cronológica 1821-1861
Número Koha 1788
660 ## - Código de área geográfica
Código MX
700 ## - Nombre personal - Responsabilidad primaria
Elemento de entrada Ortiz de Ayala
Parte del nombre distinta del elemento de entrada Simón Tadeo
Fechas 1780-1833
Número Koha 6906
702 ## - Nombre personal - Responsabilidad secundaria
Elemento de entrada Delgado Román
Parte del nombre distinta del elemento de entrada Ricardo
Fechas 1900-1964
Número Koha 6907
801 #0 - Fuente de origen
Agencia cm
900 ## -
-- 1/17049
900 ## -
-- 710988653\\070598
942 ## - ELEMENTOS DE ENTRADA SECUNDARIOS (KOHA)
Tipo de ítem Koha Livre
996 ## -
-- MEX
-- 751145101
-- MMAG
-- 011693
-- 972.04 O772M V.1
-- 20241120LIV
996 ## -
-- MEX
-- 751145101
-- MMAG
-- 011694
-- 972.04 O772M V.2
-- 20241120LIV
Exemplaires
Estatus retirado Estado de daño Estado de pérdida Fecha de adquisición Biblioteca de origen Biblioteca actual Ubicación en estantería Código de barras Precio de reemplazo Signatura topográfica completa No para préstamo Tipo de ítem Koha Nota pública Nota no pública
      05/08/2025 Casa México Paris Casa México Paris   011693 05/08/2025 972.04 O772M V.1   Livre 20241120LIV 751145101
      05/08/2025 Casa México Paris Casa México Paris   011694 05/08/2025 972.04 O772M V.2   Livre 20241120LIV 751145101